000 00821nam a2200229 i 4500
001 69913
003 ES-MaACL
005 20250722104140.0
007 t|
008 040713s1929 sp |||| | spa d
080 _a821.134.2-14"19"
100 1 _aGarcía Lorca, Federico,
_d1898-1936
_954853
245 1 0 _aPrimer romancero gitano
_b: (1924-1927) /
_cFederico García Lorca.
250 _a2ª ed.
260 _aMadrid :
_bRevista de Occidente,
_c1929.
300 _a149 p. ;
_c21 cm.
530 _aDisponible en formato digital.
852 _aES-MaACL
_jR-2956
_zRevisado enlace: 22 de julio de 2025
_x Olim: B-3965
_cDEPO2
_hSello: Donativo Amigos del Ateneo 1929
856 4 _uhttp://bdh-rd.bne.es/viewer.vm?id=0000200836&page=1
_yBiblioteca Digital Hispánica
942 _2udc
999 _c69913
_d69913